Német nyelvkönyv középiskolák számára, Endrei Ákos, Lenkei Henrik IV. kötet, a gymn. és reálisk. VII. és VIII. osztályainak használatára : [könyvismertetés] /

Elmentve itt :
Bibliográfiai részletek
Szerző: Teveli Mihály
További közreműködők: Endrei Ákos
Lenkei Henrik
Dokumentumtípus: Cikk
Megjelent: 1903
Sorozat:Magyar pedagógia : a Magyar Tudományos Akadémia Pedagógiai Bizottságának folyóirata 12
Kulcsszavak:Német nyelv tanítása könyvismertetés, Nyelvtanítás
Online Access:http://misc.bibl.u-szeged.hu/7906
LEADER 00886nab a2200205 i 4500
001 misc7906
005 20191106144033.0
008 170607s1903 hu o 0|| hun d
022 |a 0025-0260 
040 |a SZTE Miscellanea Repozitórium  |b hun 
041 |a hun 
100 1 |a Teveli Mihály 
245 1 0 |a Német nyelvkönyv középiskolák számára, Endrei Ákos, Lenkei Henrik   |h [elektronikus dokumentum] :  |b IV. kötet, a gymn. és reálisk. VII. és VIII. osztályainak használatára : [könyvismertetés] /  |c  Teveli Mihály 
260 |c 1903 
300 |a 505-507 
490 0 |a Magyar pedagógia : a Magyar Tudományos Akadémia Pedagógiai Bizottságának folyóirata  |v 12 
695 |a Német nyelv tanítása könyvismertetés, Nyelvtanítás 
700 0 1 |a Endrei Ákos 
700 0 1 |a Lenkei Henrik 
856 4 0 |u http://misc.bibl.u-szeged.hu/7906/1/mp_1903_0901_505-507.pdf  |z Dokumentum-elérés